| 000 | 01075nac a22002651i 4500 | ||
|---|---|---|---|
| 003 | EG-ScBUE | ||
| 005 | 20240528100547.0 | ||
| 008 | 240528s1997 enkab f b 001 0 eng d | ||
| 020 | _a0198292651 | ||
| 040 |
_aEG-ScBUE _beng _erda _cEG-ScBUE _dEG-ScBUE |
||
| 082 | 0 | 4 |
_a956.9405 _bSAY _222 |
| 100 | 1 |
_aSayigh, Yezid, _eauthor. |
|
| 245 | 1 | 0 |
_aArmed struggle and the search for state : _bthe Palestinian national movement, 1949-1993 / _cYezid Sayigh. |
| 264 | 1 |
_aOxford : _bOxford University Press ; _aWashington, D.C. : _bInstitute for Palestine Studies, _c1997. |
|
| 300 |
_axxxiv, 953 pages : _billustrations, maps ; _c25 cm |
||
| 336 |
_2rdacontent _atext _btxt |
||
| 337 |
_aunmediated _2rdamedia _bn |
||
| 338 |
_avolume _bnc _2rdacarrier |
||
| 504 | _aIncludes bibliographical references and index. | ||
| 650 | 7 |
_aPalestinian Arabs _xPolitics and government. _2BUEsh |
|
| 650 | 7 |
_aNationalism _zPalestine. _2BUEsh |
|
| 655 | _vReading book | ||
| 856 | 4 | 2 |
_3Publisher description _uhttp://www.loc.gov/catdir/enhancements/fy0635/97023852-d.html |
| 942 |
_cBB _2ddc |
||
| 999 |
_c9442 _d9442 |
||